000
002950000a22000970004500
100
1
_a
De Vries, Simon J.
245
1
0
_a
The three comparisons in Kings 22:4b and its parallel and 2 Kings 3:7b
300
_a
Vol. 39, Num. 3 (Julio, 1989), Páginas 283-306
773
0
_t
Vetus Testamentum
942
_c
ANA
999
_c
57518
_d
57518